| 000 | 00920nam a22002297a 4500 | ||
|---|---|---|---|
| 003 | BD-DhUL | ||
| 005 | 20180814111330.0 | ||
| 008 | 180814b xxu||||| |||| 00| 0 eng d | ||
| 020 | _a9789848765487 | ||
| 040 |
_aBD-DhUL _cBD-DhUL |
||
| 082 |
_a891.4409 _bMAD |
||
| 100 | 1 | _aমকসুদ, সৈয়দ আবুল | |
| 245 | 1 | 0 |
_aঢাকার বুদ্ধদেব বসু / _cসৈয়দ আবুল মকসুদ |
| 250 | _a২য় | ||
| 260 |
_aঢাকা : _bপ্রথমা, _c২০১১ |
||
| 300 |
_a২৪৪ পৃ. ; _c২২ সেমি |
||
| 365 |
_aBDT _b360.0 |
||
| 504 | _aগ্রন্থপঞ্জি: পৃ. ২৩২ গ্রন্থপঞ্জিগত তথ্য ও নির্ঘন্ট সংবলিত | ||
| 650 | 0 |
_aবাংলা সাহিত্য _xইতিহাস |
|
| 650 | 0 |
_aBengla literature _xHistory |
|
| 942 |
_2ddc _cBK |
||
| 999 |
_c243144 _d243144 |
||